| 000 | 00677nmc a2200265 a 4500 | ||
|---|---|---|---|
| 003 | AR-BaBNM | ||
| 005 | 20251128210750.0 | ||
| 008 | 191020s1995 ||||||||||||||000 | spa|| | ||
| 020 | _a84-7223-838-5 | ||
| 040 | _cAR-BaBNM | ||
| 100 | 1 | _aGrossman, David | |
| 245 | 1 | 0 | _aLa sonrisa del cordero |
| 250 | _a1ยช ed. | ||
| 260 |
_aBarcelona _bTusquets Editores _c1995 |
||
| 300 | _a335 p. | ||
| 490 | 0 |
_aAndanzas _vv. 230 |
|
| 650 | 4 | _aLITERATURA JUDIA | |
| 650 | 4 | _aLITERATURA CONTEMPORANEA | |
| 650 | 4 | _aNOVELAS | |
| 655 | _aLITERATURA | ||
| 700 | 1 |
_aOms, Roser Lluch _etraductor |
|
| 700 | 1 |
_aForcano Aparicio, Manel _etraductor |
|
| 942 | _cBK | ||
| 998 | _cMARTIN | ||
| 999 |
_c16801 _d16801 |
||